| 000 | 00329nam a22001337a 4500 | ||
|---|---|---|---|
| 008 | 171024b xxu||||| |||| 00| 0 eng d | ||
| 020 | _a9780471821885 | ||
| 041 | _aeng | ||
| 080 |
_23 ED _a311 |
||
| 100 | _a55 | ||
| 101 | _aSTA | ||
| 245 |
_aSTATISTICAL REASONING IN PSYCHOLOGY AND EDUCATION _cKING.B.M |
||
| 942 |
_2udc _cBK |
||
| 999 |
_c35727 _d35727 |
||